1105 1409 1162 1126 1583 1830 1901 1058 1282 1250 1983 1113 1086 1391 1125 1197 1220 1080 1757 1703 1634 1087 1857 1360 1189 1864 1769 1191 1817 1702 1502 1172 1505 1103 1458 1602 1339 1626 1834 1335 1597 1193 1176 1221 1968 1935 1823 1191 1358 1589 1102 1909 1880 1637 1521 1736 1171 1484 1313 1340 1630 1751 1381 1779 1238 1557 1559 1782 1000 1151 1391 1639 1816 1910 1830 1410 1525 1912 1104 1647 1058 1684 1669 1054 1885 1190 1092 1839 1954 1037 1999 1242 1610 1430 1844 1057 1281 1519 1207 BCNSPRNW ULIB Ver.6.0+V

เปลี่ยนเป็นภาษาไทย

Change to English
 แสดงรายละเอียดบรรณานุกรม
  กลับหน้าหลัก

Brief Record : Get Marc (ISO 2709) : E-mail record : QR code < ปิดหน้าต่าง
LEADER : 00000nam 2200000uu 4500
001    13399112306
003     ULIB
008    110627s2553||||th 000 0 tha d
020    9786167007489
090    นว.^bไม่พบรหัส 2553
100 0  TepiN
245 00 When I : สักวันฉันอาจรักเธอ/^cTepiN
250    พิมพ์ครั้งที่ 1
260    กรุงเทพฯ :^bฟรีเลิฟ,^c2553
300    284 หน้า
710 1  ฟรีเลิฟ
945    ^p250^l0^i028034
995    ทศพร
999 ^a ใช้งานได้ทุกระบบ
รายการนี้ยังไม่มีแท็ก
คุณยังไม่ได้ล็อกอิน คุณสามารถมีกิจกรรมร่วมกับเว็บไซต์ได้ แต่ต้องล็อกอินก่อน ::
  ล็อกอิน

รายการสื่อสารสนเทศ

ลำดับที่ ประเภท เลขเรียก/บาร์โค้ด สถานที่ สถานะ
- ไม่พบข้อมูล -

BibComment


ยังไม่เคยถูกคอมเมนท์

คอมเมนท์ทรัพยากรรายการนี้
  คอมเมนท์: When I สักวันฉัน..


 Copyright 2026. Bcnsprnw @Library